Statistics for Updated Top 5 Cities in Pennsylvania by Population

Click here to take the quiz!

General Stats

  • This quiz has been taken 31 times
  • The average score is 4 of 5

Answer Stats

County City % Correct
---------Philadelphia
100%
AlleghenyPittsburgh
93%
LehighAllentown
70%
---------Erie
70%
BerksReading
43%

Score Distribution

Percentile by Number Answered

Percent of People with Each Score

Your Score History

You have not taken this quiz